000 01240nam0a2200289 4500
001 RU\NLR\bibl\743202
005 20250614003754.0
010 _a985-02-0707-8
_91500
035 _a(NLR Aleph) 000733061
090 _a774900
_c774900
100 _a20050401d2004 |||y0rusy50 ca
101 1 _abel
_ceng
102 _aRU
105 _aa |||||||||
200 1 _aДон-Жуан
_aПрароцтва Дантэ
_eпаэмы
_fДжордж Байран
_gпер. [i тлумачэннi] Уладзiмiр Скарынкiн
_g[прадм. Васiль Зуёнак
_gмаст. А.I. Цароў]
210 _aМiнск
_cМастацкая лiтаратура
_d2004
215 _a477,[2] с.
_cил., портр.
_d20
225 1 _aСкарбы сусветнай лiтаратуры
_fрэдкал.: Баравiкова Р.А. и др.
300 _aНа обл. только авт. и загл. сер.
320 _aБиблиогр. в тексте коммент.
686 _aШ6(4Вл)57-5я44{Лх1296.1-175белорус.}
700 1 _aБайран
_bД. Г.
_f1788-1824
_gДжордж Гордон
_4070
801 0 _aRU
_bNLR
_c20050401
_gPSBO
801 1 _aRU
_bNLR
_c20050401
942 _cBOOK
980 _aNB